000 004960000a22001930004500
999 _c47974
_d47974
001 770
003 CO-MdFUSB
005 20181005174024.0
008 181005b xxu||||| |||| 00| 0 eng d
020 _a0-394-88178-8
040 _cCO-MdBIC
082 0 4 _a813C H29n
100 1 _aHautzig, Deborah
245 1 0 _aThe story of the Nutcracker Ballet / Deborah Hautzig, il. Diane Goode
260 _aNew York : Random House
300 _a[ 32 P.]
650 1 4 _aLiteratura Infantil
942 _cLGB